000 00492cam a22001931 4500
001 sa 66007437
003 DLC
005 20260227112305.0
008 880902s1965 io c 000 0 dut
010 _asa 66007437
035 _a(OCoLC)23431820
040 _aDLC
_cMiU
_dDLC
042 _apremarc
050 0 0 _aHX518.R4
_bD44
245 0 0 _aDeklarasi Moskow 1957,
260 _aDjakarta,
_bJajasan "Pembaruan,"
_c1965.
300 _a76 p.
_bport.
_c20 cm.
650 0 _aCommunist revisionism
999 _c71194
_d71194